Comics: Most Published: G.I. Joe Quiz Stats

 Plays Quiz not verified by Sporcle

Challenge
Share
Tweet
Embed
Score 0/68 Timer 09:00
0 Plays Today
Rank G.I. Joe Characters % Correct
1.Snake-Eyes
98%
2.Scarlett
98%
6.Duke
97.2%
7.Flint
95.7%
3.Cobra Commander (A. Decobray)
95.3%
9.Storm Shadow
94.9%
8.Destro
94.5%
4.General Hawk
92.9%
13.Zartan
91.3%
14.Doctor Mindbender
89.7%
31.Cobra Soldiers
89.7%
11.Roadblock
88.9%
5.Baroness
87.4%
10.Stalker
86.6%
29.Cover Girl
85.8%
12.Lady Jaye
85%
15.Wild Bill
83.4%
17.Rock n' Roll
81.8%
19.Spirit
81.8%
18.Tomax
80.2%
28.Buzzer
80.2%
32.Jinx
78.7%
34.Ripper
77.9%
25.Clutch
77.5%
21.Major Bludd
76.7%
27.Gung Ho
76.3%
16.Shipwreck
75.9%
23.Zarana
74.7%
30.Xamot
74.7%
40.Ace
74.3%
24.Firefly
73.1%
22.Beachhead
72.3%
61.Lifeline
71.1%
26.Dial-Tone (Jack Morelli)
64%
Rank G.I. Joe Characters % Correct
43.Mutt
63.6%
53.Steeler
63.2%
45.Doc (Carl Greer)
62.8%
20.Mainframe
60.1%
49.Grunt
58.5%
38.Breaker
58.5%
58.Zap
57.7%
33.Dusty
56.9%
42.Chuckles
56.5%
35.Serpentor
55.3%
36.Torch
53.4%
47.Tripwire
52.2%
50.Recondo
52.2%
52.Quick-Kick
51.8%
44.Leatherneck
49%
51.Bazooka
49%
41.Rip-Cord
47.8%
54.Snow-Job
47.8%
59.Junkyard (Mutt's dog)
47.8%
46.Cobra Vipers
45.8%
39.Tunnel Rat
45.1%
62.Road Pig
43.5%
57.Torpedo
42.3%
37.Billy Kessler-Lata
41.9%
60.Dial-Tone (Jill Morelli)
41.1%
68.Zandar
39.9%
48.Crimson Guardsmen
35.2%
66.Low-Light
34.8%
63.Barbeque
34.4%
65.Lift-Ticket
32.8%
56.Firewall
30.8%
64.Airtight
28.5%
67.Tele-Vipers
28.5%
55.General Coltan
15%

You're not logged in!

Compare scores with friends on all Sporcle quizzes.
Join for Free
OR
Log In

You Might Also Like...

Show Comments

Extras

Top Quizzes Today


Score Distribution

Your Account Isn't Verified!

In order to create a playlist on Sporcle, you need to verify the email address you used during registration. Go to your Sporcle Settings to finish the process.

Report this User

Report this user for behavior that violates our Community Guidelines.

Details: